00649cam a22001813a 450000100060000000300060000600500170001200800410002904000150007004200070008510000360009224501890012826000290031750600300034651600200037683000290039685600420042539279PGUSA20140828083855.0120327s2012||||xxu|||||s|||||000 | eng d aPGUSAbeng adc1 aFlammarion, Camille,d1842-192510aMysterious Psychic Forces :bAn Account of the Author's Investigations in Psychical Research, Together with Those of Other European Savantsh[electronic resource] /cCamille Flammarion bProject Gutenberg,c2012 aPublic domain in the USA. aElectronic text 0aProject Gutenbergv3927940uhttp://www.gutenberg.org/ebooks/39279